STRANGE PILGRIMS (Record no. 22712)

MARC details
000 -LEADER
fixed length control field 00325nam a2200133Ia 4500
008 - FIXED-LENGTH DATA ELEMENTS--GENERAL INFORMATION
fixed length control field 240624s9999 xx 000 0 und d
041 ## - LANGUAGE CODE
Language code of text/sound track or separate title eng
082 ## - DEWEY DECIMAL CLASSIFICATION NUMBER
Classification number 823 MAR
100 ## - MAIN ENTRY--PERSONAL NAME
Personal name MARQUEZ GABRIEL GARCIA
245 ## - TITLE STATEMENT
Title STRANGE PILGRIMS
260 ## - PUBLICATION, DISTRIBUTION, ETC.
Date of publication, distribution, etc. 1994
Place of publication, distribution, etc. New York
Name of publisher, distributor, etc. Penguin Books
300 ## - PHYSICAL DESCRIPTION
Extent 188 : p. : cm. ; 20
365 ## - TRADE PRICE
Currency code RS
Holdings
Withdrawn status Lost status Damaged status Not for loan Home library Current library Shelving location Date acquired Cost, normal purchase price Total Checkouts Full call number Barcode Date last seen Date last checked out Copy number Price effective from Koha item type
        IMTN IMTN Rack 39-B 04/30/2014 188.00 3 823 MAR 22712 10/14/2025 10/04/2025 1 06/24/2024 Books
Designed & Maintained by: LRC IMT Nagpur Contact: lrc@imtnag.ac.in© 2024. All Rights Reserved.